A Case for the case study / (Record no. 27038)
[ view plain ]
| 000 -LEADER | |
|---|---|
| fixed length control field | 01042cam a22003015a 4500 |
| 001 - CONTROL NUMBER | |
| control field | 3415461 |
| 005 - DATE AND TIME OF LATEST TRANSACTION | |
| control field | 20201128024401.0 |
| 008 - FIXED-LENGTH DATA ELEMENTS--GENERAL INFORMATION | |
| fixed length control field | 901211s1991 ncu frb 001 0 eng d |
| 010 ## - LIBRARY OF CONGRESS CONTROL NUMBER | |
| LC control number | 90027036 |
| 020 ## - INTERNATIONAL STANDARD BOOK NUMBER | |
| International Standard Book Number | 0807843210 (pbk. : alk. paper) |
| 020 ## - INTERNATIONAL STANDARD BOOK NUMBER | |
| International Standard Book Number | 9780807843215 |
| 040 ## - CATALOGING SOURCE | |
| Original cataloging agency | DLC |
| Language of cataloging | eng |
| Transcribing agency | DLC |
| Modifying agency | DLC |
| -- | EG-ScBUE |
| 082 04 - DEWEY DECIMAL CLASSIFICATION NUMBER | |
| Classification number | 301.01 |
| Item number | CAS |
| Edition number | 22 |
| 245 02 - TITLE STATEMENT | |
| Title | A Case for the case study / |
| Statement of responsibility, etc | edited by Joe R. Feagin, Anthony M. Orum, and Gideon Sjoberg. |
| 260 ## - PUBLICATION, DISTRIBUTION, ETC. (IMPRINT) | |
| Place of publication, distribution, etc | Chapel Hill : |
| Name of publisher, distributor, etc | University of North Carolina Press, |
| Date of publication, distribution, etc | c.1991. |
| 300 ## - PHYSICAL DESCRIPTION | |
| Extent | viii, 290 p. ; |
| Dimensions | 24 cm. |
| 504 ## - BIBLIOGRAPHY, ETC. NOTE | |
| Bibliography, etc | Includes bibliographical references and index. |
| 650 #7 - SUBJECT ADDED ENTRY--TOPICAL TERM | |
| Topical term or geographic name as entry element | Sociology |
| General subdivision | Research |
| -- | Methodology. |
| Source of heading or term | BUEsh |
| 9 (RLIN) | 700 |
| 650 #7 - SUBJECT ADDED ENTRY--TOPICAL TERM | |
| Topical term or geographic name as entry element | Social sciences |
| General subdivision | Research |
| -- | Methodology. |
| Source of heading or term | BUEsh |
| 650 #7 - SUBJECT ADDED ENTRY--TOPICAL TERM | |
| Topical term or geographic name as entry element | Case method. |
| Source of heading or term | BUEsh |
| 9 (RLIN) | 34827 |
| 651 ## - SUBJECT ADDED ENTRY--GEOGRAPHIC NAME | |
| Source of heading or term | BUEsh |
| 653 ## - INDEX TERM--UNCONTROLLED | |
| Resource For college | BAEPS, Business Administration |
| Arrived date list | December2018 |
| 655 ## - INDEX TERM--GENRE/FORM | |
| Form subdivision | Reading book |
| -- | 34232 |
| 700 1# - ADDED ENTRY--PERSONAL NAME | |
| Personal name | Feagin, Joe R., |
| Relator term | editor. |
| 700 1# - ADDED ENTRY--PERSONAL NAME | |
| Personal name | Orum, Anthony M., |
| Relator term | editor. |
| 9 (RLIN) | 11061 |
| 700 1# - ADDED ENTRY--PERSONAL NAME | |
| Personal name | Sjoberg, Gideon., |
| Relator term | editor. |
| 942 ## - ADDED ENTRY ELEMENTS (KOHA) | |
| Source of classification or shelving scheme | Dewey Decimal Classification |
| Withdrawn status | Item status | Source of classification or shelving scheme | Damaged status | Not for loan | Vendor | Home library | Current library | Shelving location | Date acquired | Source of acquisition | Cost, normal purchase price | Total Checkouts | Full call number | Barcode | Date last seen | Koha item type |
|---|---|---|---|---|---|---|---|---|---|---|---|---|---|---|---|---|
| Dewey Decimal Classification | Baccah | Central Library | Central Library | First floor | 20/12/2018 | Purchase | 1050.00 | 301.01 CAS | 000044077 | 15/07/2025 | NB - Book (Non borrowing) | |||||
| Dewey Decimal Classification | Baccah | Central Library | Central Library | First floor | 20/12/2018 | Purchase | 1050.00 | 301.01 CAS | 000044078 | 15/07/2025 | Book - Borrowing | |||||
| Dewey Decimal Classification | Baccah | Central Library | Central Library | First floor | 20/12/2018 | Purchase | 1050.00 | 301.01 CAS | 000044079 | 15/07/2025 | Book - Borrowing |